000
00254nam a2200109 a 4500
001
4140
005
20140414131928.0
008
090218s19uu xx 00 eng d
050
_a
REF 790.1
_b
Ul8 1999
245
_a
The Ultimate lego book.
999
_c
112158
_d
112158